[Event "Victoria op 4th"]
[Site "Victoria"]
[Date "2010.04.04"]
[Round "5"]
[White "Ficzere, Tony"]
[Black "Doknjas, John"]
[Result "1/2-1/2"]
[WhiteElo "1830"]
[BlackElo "1936"]
[PlyCount "65"]
[EventDate "2010.04.02"]
[EventType "swiss"]
[EventRounds "6"]
[EventCountry "CAN"]
[SourceTitle "CBM 135 Extra"]
[Source "ChessBase"]
[SourceDate "2010.05.04"]
[SourceVersion "1"]
[SourceVersionDate "2010.05.04"]
[SourceQuality "1"]

1. d4 Nf6 2. Nf3 c5 3. d5 e6 4. c4 exd5 5. cxd5 d6 6. Nc3 g6 7. Bf4 Bg7 8. Nd2 Nh5 9. Bg3 Nxg3 10. hxg3 f5 11. Nc4 Bxc3+ 12. bxc3 b5 13. Nd2 0-0 14. c4 b4 15. Nf3 Qf6 16. Qc1 f4 17. gxf4 Qxf4 18. Qxf4 Rxf4 19. e3 Re4 20. Ng5 Re7 21. Bd3 Ba6 22. a3 b3 23. Rb1 Nd7 24. Kd2 Ne5 25. Kc3 Nxd3 26. Kxd3 Rb8 27. Rb2 Bc8 28. Kc3 Reb7 29. Ne4 Rb6 30. Nf6+ Kg7 31. Nxh7 Bf5 32. Ng5 Bc2 33. Nf3 1/2-1/2

[Event "Edmonton Schleinich Memorial"]
[Site "Edmonton"]
[Date "2010.01.09"]
[Round "2"]
[White "Ficzere, Tony"]
[Black "Todd, Adie"]
[Result "1/2-1/2"]
[WhiteElo "1802"]
[BlackElo "1596"]
[PlyCount "46"]
[EventDate "2010.01.08"]
[EventType "swiss"]
[EventRounds "5"]
[EventCountry "CAN"]
[SourceTitle "EXT 2011"]
[Source "ChessBase"]
[SourceDate "2010.11.26"]
[SourceVersion "1"]
[SourceVersionDate "2010.11.26"]
[SourceQuality "1"]

1. d4 d5 2. Nf3 Nf6 3. Bf4 c6 4. e3 Bf5 5. Bd3 Bxd3 6. Qxd3 e6 7. 0-0 Nh5 8. Re1 Be7 9. Nbd2 Nxf4 10. exf4 0-0 11. f5 exf5 12. Qxf5 Nd7 13. Re3 Re8 14. Rae1 Nf6 15. Ne5 Bd6 16. Ndf3 Qc8 17. Qxc8 Raxc8 18. Ng5 Re7 19. Ng4 Rxe3 20. Nxe3 Re8 21. Kf1 h6 22. Nf3 Kf8 23. h3 Ne4 1/2-1/2

[Event "Edmonton Schleinich Memorial"]
[Site "Edmonton"]
[Date "2010.01.08"]
[Round "1"]
[White "Kuczaj, Chris"]
[Black "Ficzere, Tony"]
[Result "0-1"]
[WhiteElo "1785"]
[BlackElo "1802"]
[PlyCount "46"]
[EventDate "2010.01.08"]
[EventType "swiss"]
[EventRounds "5"]
[EventCountry "CAN"]
[SourceTitle "EXT 2011"]
[Source "ChessBase"]
[SourceDate "2010.11.26"]
[SourceVersion "1"]
[SourceVersionDate "2010.11.26"]
[SourceQuality "1"]

1. d4 Nf6 2. c4 e6 3. Nf3 b6 4. Nc3 Bb7 5. Bg5 Be7 6. e3 0-0 7. Bd3 h6 8. Bh4 d6 9. Qc2 Nbd7 10. 0-0 c5 11. Rac1 Rc8 12. Qe2 d5 13. cxd5 Nxd5 14. Bxe7 Nxc3 15. bxc3 Qxe7 16. e4 Rc7 17. Rc2 Rfc8 18. Rfc1 c4 19. Nd2 cxd3 20. Qxd3 Nf6 21. c4 Rd8 22. e5 Nh7 23. Nb3 Qg5 0-1

[Event "Lethbridge op"]
[Site "Lethbridge"]
[Date "2009.04.05"]
[Round "4"]
[White "Holmes, Greg"]
[Black "Ficzere, Tony"]
[Result "1-0"]
[WhiteElo "1626"]
[BlackElo "1808"]
[PlyCount "34"]
[EventDate "2009.04.04"]
[EventType "swiss"]
[EventRounds "5"]
[EventCountry "CAN"]
[SourceTitle "EXT 2011"]
[Source "ChessBase"]
[SourceDate "2010.11.26"]
[SourceVersion "1"]
[SourceVersionDate "2010.11.26"]
[SourceQuality "1"]

1. e4 c5 2. Nf3 Nc6 3. d4 cxd4 4. Nxd4 Nf6 5. Nc3 e5 6. Nf5 d6 7. Ne3 a6 8. Bd3 b5 9. Ned5 Nxd5 10. Nxd5 Be6 11. c4 Bxd5 12. cxd5 Nd4 13. 0-0 Be7 14. Qg4 0-0 15. Bh6 Bf6 16. Be3 Rc8 17. Rac1 Qa5 1-0